Meilleurs pointeurs de la NHL de la saison 04-05 à 24-25 - Statistiques

Statistiques générales
  • Ce quiz a été pris 48 fois
  • Le résultat moyen est 8 sur 21
Statistiques - réponses
Saison Joueur % Correct
2024-2025 Kucherov
81%
2023-2024 Kucherov
78%
2021-2022 McDavid
76%
2022-2023 McDavid
76%
2020-2021 McDavid
70%
2013-2014 Crosby
46%
2006-2007 Crosby
43%
2018-2019 Kucherov
43%
2015-2016 Kane
35%
2017-2018 McDavid
35%
2019-2020 Draisaitl
32%
2007-2008 Ovechkin
30%
2014-2015 Benn
27%
2016-2017 McDavid
27%
2004-2005 St. Louis
24%
2008-2009 Malkin
22%
2011-2012 Malkin
19%
2009-2010 Sedin
11%
2010-2011 Sedin
11%
2005-2006 Thornton
11%
2012-2013 St. Louis
8%
Aucun quiz correspondant
Distribution des résultats
% des personnes avec chaque résultat
Percentile par nombre de réponses
Votre historique - résultats
Vous n’avez pas pris ce quiz